| 000 | 01412nab a22002537a 4500 | ||
|---|---|---|---|
| 999 |
_c5385 _d5385 |
||
| 003 | OSt | ||
| 005 | 20250307102811.0 | ||
| 008 | 190603e xxum|||| |||| 00| 0 spa d | ||
| 040 | _cPJ | ||
| 100 |
_95094 _aMelo, Verónica E. |
||
| 245 | 1 | 3 |
_aLa inflación y sus efectos sobre la obligación del asegurador / _cVerónica E. Melo. |
| 260 |
_cCiudad Autónoma de Buenos Aires : _aThomson Reuters La Ley, _b2024. |
||
| 300 | _ap. 27-36 | ||
| 500 | _aCita Online: TR LALEY AR/DOC/951/2024. | ||
| 505 | _aSumario: I. Introducción.— II. Efectos de la inflación sobre las relaciones jurídicas y las respuestas jurisprudenciales.— III. Obligaciones de dinero y de valor: su aplicación a la obligación del asegurador.— IV. El impacto de la inflación en el contrato de seguro y las pólizas de seguro.— V. La interpretación de la Corte Suprema de Justicia Nacional de la prohibición de indexar.— VI. Colofón. | ||
| 505 | _t¿Te interesa el texto completo? Solicitalo al correo: koha@justierradelfuego.gov.ar | ||
| 650 | 0 |
_94601 _aINFLACIÓN |
|
| 650 | 0 |
_91382 _aINDEMNIZACION |
|
| 650 | 0 |
_93790 _aACTUALIZACIÓN MONETARIA |
|
| 650 | 0 |
_95480 _aOBLIGACIONES DEL ASEGURADOR |
|
| 650 | 0 |
_9530 _aOBLIGACIONES DE DAR SUMAS DE DINERO |
|
| 773 | 0 |
_02713 _93170 _dCiudad Autónoma de Buenos Aires : Thomson Reuters La Ley, 2015- _tRevista Código Civil y Comercial. Nº 3 - Junio 2024 |
|
| 942 |
_2udc _cANA |
||